000 00694nam a2200193Ia 4500
003 GCL
008 140319s9999 xx 000 0 ara d
040 _aGCL /
_cGCL
082 0 4 _aد
_b310
_bج ن
100 1 _aالجهاز المركزى للتعبئة العامة
245 1 0 _aتقديرات الدخل من القطاع الزراعى /
_cالجهاز المركزى للتعبئة العامة
260 _a[S.N] :
_bالجهاز المركزى للتعبئة العامة والاحصاء ،
_c1994
300 _aمتعدد
490 _aالدراسات الادارية
_v0
650 0 4 _aالزراعة
650 0 4 _aالاحصاء
650 0 4 _aالبريد
942 _2ddc
_cCF
999 _c27472
_d27472